Helyi közösségek és civil szervezetek érdekellentéte a külföldi beruházásvédelemmel

Elmentve itt :
Bibliográfiai részletek
Szerző: Hajdu Gábor
Dokumentumtípus: Cikk
Megjelent: 2022
Sorozat:ÁLLAM- ÉS JOGTUDOMÁNY 63 No. 2
Tárgyszavak:
doi:10.51783/ajt.2022.2.03

mtmt:33262034
Online Access:http://publicatio.bibl.u-szeged.hu/26202
LEADER 00718nab a2200205 i 4500
001 publ26202
005 20230117084234.0
008 230117s2022 hu o 0|| Magyar d
022 |a 0002-564X 
024 7 |a 10.51783/ajt.2022.2.03  |2 doi 
024 7 |a 33262034  |2 mtmt 
040 |a SZTE Publicatio Repozitórium  |b hun 
041 |a Magyar 
100 1 |a Hajdu Gábor 
245 1 0 |a Helyi közösségek és civil szervezetek érdekellentéte a külföldi beruházásvédelemmel  |h [elektronikus dokumentum] /  |c  Hajdu Gábor 
260 |c 2022 
300 |a 53-67 
490 0 |a ÁLLAM- ÉS JOGTUDOMÁNY  |v 63 No. 2 
650 4 |a Jogtudomány 
856 4 0 |u http://publicatio.bibl.u-szeged.hu/26202/1/AJT_2022_2_teljes.pdf  |z Dokumentum-elérés